| 000 | 00357nam a2200133Ia 4500 | ||
|---|---|---|---|
| 008 | 210430s9999 xx 000 0 und d | ||
| 020 | _a978-0-7637-7752-4 | ||
| 082 | _a621.4022 R 232 E | ||
| 100 |
_aM.M. Rathore _954370 |
||
| 245 |
_aEngineering Heat Transfer 2nd _cM.M. Rathore |
||
| 260 |
_aAmerica _bJones _c2011 |
||
| 300 | _a1096 p | ||
| 942 |
_cBK _2ddc |
||
| 999 |
_c564937 _d564937 |
||